Một góc nhìn của trí thức

שמור ב:
מידע ביבליוגרפי
פורמט: ספר
שפה:Undetermined
יצא לאור: Thành phố Hồ Chí Minh Trẻ 2005
נושאים:
תגים: הוספת תג
אין תגיות, היה/י הראשונ/ה לתייג את הרשומה!
Thư viện lưu trữ: Trung tâm Học liệu Trường Đại học Cần Thơ
LEADER 00510nam a2200181Ia 4500
001 CTU_90842
008 210402s9999 xx 000 0 und d
020 |c 52000 
082 |a 001 
082 |b M458/T.4 
245 0 |a Một góc nhìn của trí thức 
245 0 |c Nhiều tác giả 
260 |a Thành phố Hồ Chí Minh 
260 |b Trẻ 
260 |c 2005 
650 |a Knowledge 
904 |i Mai Loan (Nguyên sửa) 
980 |a Trung tâm Học liệu Trường Đại học Cần Thơ